| 000 | 00347nam a22001337a 4500 | ||
|---|---|---|---|
| 008 | 160507b xxu||||| |||| 00| 0 eng d | ||
| 020 | _a9780077229962 | ||
| 020 | _a978007343434 | ||
| 020 | _a9780077229962 | ||
| 041 | _aeng | ||
| 080 | _a573 | ||
| 245 |
_aConcepts in Biology: _cEldon D. Enger;Frederick C. Ross; David B.Bailey; |
||
| 942 |
_2udc _cBK |
||
| 999 |
_c1894 _d1894 |
||